[Event "Hannover Bezirks-ch B"]
[Site "Lehrte"]
[Date "2019.10.04"]
[Round "3.2"]
[White "Drude, Detlef"]
[Black "Grabowski, Petra1111"]
[Result "1/2-1/2"]
[WhiteElo "1743"]
[BlackElo "1651"]
[PlyCount "83"]
[EventDate "2019.10.03"]
[EventType "swiss"]
[EventRounds "7"]
[EventCountry "GER"]
[SourceTitle "EXT 2023"]
[Source "ChessBase"]
[SourceDate "2022.10.05"]
[SourceVersion "1"]
[SourceVersionDate "2022.10.05"]
[SourceQuality "1"]

1. f4 e5 2. fxe5 Nc6 3. Nf3 d6 4. exd6 Bxd6 5. g3 h5 6. d4 Bg4 7. Qd3 Bxf3 8. exf3 Nxd4 9. Kf2 Nc6 10. Qe4+ Qe7 11. Bd3 Qxe4 12. Bxe4 Nge7 13. Be3 a6 14. a4 f5 15. Bxc6+ Nxc6 16. Nd2 0-0-0 17. Nc4 Be7 18. c3 g5 19. Rad1 Rxd1 20. Rxd1 Rd8 21. Re1 Bf6 22. f4 g4 23. Re2 h4 24. Bc5 hxg3+ 25. hxg3 Kd7 26. Ne3 Be7 27. Bxe7 Nxe7 28. Nc4 Nc6 29. Ne5+ Nxe5 30. Rxe5 Rf8 31. Ke3 Rf6 32. c4 Re6 33. Kd4 Rd6+ 34. Kc3 Re6 35. Rxe6 Kxe6 36. Kd4 b6 37. a5 c5+ 38. Kc3 bxa5 39. Kb3 Kd6 40. Ka4 Kc6 41. Kxa5 Kb7 42. Ka4 1/2-1/2